| 000 | 00980nam a2200265 i 4500 | ||
|---|---|---|---|
| 001 | 17239 | ||
| 003 | ES-MaACL | ||
| 005 | 20230906151530.0 | ||
| 007 | t| | ||
| 008 | 010123s2000 sp |||| |dspa j | ||
| 020 | _a84-8164-389-0 | ||
| 080 | _a929 Manuel de Villena, Ernestina | ||
| 080 | _a821.134.2 Pérez Galdós, Benito 7 Fortunata y Jacinta.06 | ||
| 100 | 1 |
_aLamet, Pedro Miguel. _969846 |
|
| 245 | 1 | 3 |
_aLa santa de Galdós _b: Ernestina Manuel de Villena (1830-1886), un personaje histórico de Fortunata y Jacinta / _cPedro Miguel Lamet. |
| 260 |
_aMadrid : _bTrotta, _c[2000] |
||
| 300 |
_a266 p., [24] p. de lám. col. y n. ; _c23 cm. |
||
| 490 | 1 | _aLa dicha de enmudecer | |
| 504 | _aBibliografía: p. 261-266. | ||
| 600 | 1 | 4 |
_aManuel de Villena, Ernestina. _976186 |
| 600 | 1 | 7 |
_aPérez Galdós, Benito, _d1843-1920. _tFortunata y Jacinta _2 _9167585 |
| 830 | 0 |
_aLa dicha de enmudecer _9179754 |
|
| 852 |
_aES-MaACL _jL-24202 |
||
| 999 |
_c17239 _d17239 |
||